Wybitni polscy geografowie - Statystyki

Ogólne statystyki
  • Ten quiz został rozwiązany 49 razy
  • Średni wynik to 7 z 26
Statystyki odpowiedzi
Hint Odpowiedź % Poprawnych
Zasłynął głównie z tego, że był pierwszym profesorem geografii na Uniwersytecie Jagiellońskim Wincenty Pol
63%
urodził się w 1871 roku w Warszawie Henryk Arctowski
50%
Nazwisko badacza zapisało się na mapach: na Spitsbergenie znajdują się Góra i Lodowiec, a na Antarktydzie: Półwysep, Zatoka, Nunatak oraz Góry Henryk Arctowski
50%
Został drugą osobą na świecie, która zdobyła Koronę Himalajów i Karakorum, czyli wszystkie 14 ośmiotysięczników Jerzy Kukuczka
50%
Jako pracownik naukowy Szkoły Głównej w Warszawie ze względu na zaangażowanie w powstanie styczniowe zesłany został na Sybir. Benedykt Dybowski
38%
W latach 1245-1247 odbył podróż do Azji Środkowej do Imperium Mongolskiego. Żaden inny Europejczyk nie dotarł przed nim tak daleko Benedykt Polak
38%
jego badania obejmowały zagadnienia z dziedziny geologii, glacjologii, meteorologii, oceanografii, a także interesującego zjawiska zórz polarnych. Henryk Arctowski
38%
Pierwszego systematycznego opisu Polski dokonał znany kronikarz Jan Długosz
38%
Pierwsze zimowe wejście na najwyższy szczyt Ziemi Krzysztof Wielicki | Leszek Cichy
38%
jest pierwszym człowiekiem na świecie, który samotnie przepłynął kajakiem Atlantyk Aleksander Doba
25%
Kiedy otrzymał pozwolenie na podróż nad Bajkał, w bardzo trudnych warunkach rozpoczął pracę nad poznawaniem fauny tego jeziora Benedykt Dybowski
25%
odkrył nowy podgatunek jelenia nazywanego dzisiaj jego nazwiskiem Benedykt Dybowski
25%
uważany za twórcę współczesnej kartografii polskiej Eugeniusz Romer
25%
wydany w 1916 r. „Geograficzno-statystyczny atlas Polski” Posiłkowano się nim podczas wytyczania granic II RP na Konferencji Wersalsiej Eugeniusz Romer
25%
Najważniejsze były jego dwie roczne wyprawy na Wyspy Trobrianda (Papua-Nowa Gwinea) które zaowocowały wieloma pracami z dziedziny antropologii Bronisław Malinowski
13%
Na liście jego osiągnięć jest dwudziestodniowa wędrówkę przez Saharę, samotne przepłynięcie Atlantyku łodzią ratunkową czy odkrycie w 1996 roku źródła Amazonki Jacek Pałkiewicz
13%
Za jego najważniejsze osiągniecie uznaje się „Szkolny słownik geograficzny”. Zawiera on około 3200 haseł ze wszystkich działów geografii oraz działów pokrewnych. Jan Flis
13%
Zajmował się przede wszystkim geografią fizyczną i kartografią Jerzy Kondracki
13%
jako pierwszy człowiek na świecie spłynął Amazonką – od jej źródeł w Andach, aż do ujścia w Atlantyku! Piotr Chmieliński
13%
Jego największym osiągnięciem jest rekordowy przelot nad Atlantykiem w 1933 roku. Stanisław Skarżyński
13%
odkrył system tuneli i jaskiń. Jedną z nich nazwał Jaskinią Orła Białego. Tony Halik
13%
Najsłynniejsza podróż to wyprawa jeepem z Ziemi Ognistej do Alaski. Trwała ona 1536 dni, wymagała pokonania 182 624 kilometrów i pochłonęła 80 tysięcy dolarów. Tony Halik
13%
Stworzył teorię nieokreśloności terytorium Polski, polegającą na tym, że nie da się w pełni ustalić granic Polski, w znaczeniu geograficznym jak i etnograficznym. Wacław Nałkowski
13%
Za jego największe dzieło uznaje się współtworzony z Aleksandrem Świętochowskim „Wielki Atlas Geograficzny” – największy do dziś polski atlas. Wacław Nałkowski
13%
podróżnik, żeglarz i przede wszystkim pierwszy Polak, który opłynął kulę ziemską jachtem. Władysław Wagner
13%
Jako przedstawiciel Polski brał udział w pracach grupy ekspertów ONZ zajmujących się standaryzacją nazw geograficznych Jerzy Kondracki
0%
Nie znaleziono quizów pasujących do podanych kryteriów
Rozkład punktacji
Procent ludzi z każdym wynikiem
Percentyl według liczby udzielonych odpowiedzi
Twoja historia wyników
Nie rozwiązałeś tego quizu